| 000 | 00783nam a22002417a 4500 | ||
|---|---|---|---|
| 003 | OSt | ||
| 005 | 20220107122901.0 | ||
| 008 | 211129b xxu||||| |||| 00| 0 eng d | ||
| 020 | _a9783030248949 | ||
| 040 | _cKUDSIT | ||
| 082 | _a004.62 MAH/I | ||
| 100 |
_aMahmood, Zaigham _918664 |
||
| 245 |
_aThe Internet of Things in the industrial sector: _bSecurity and device connectivity, smart environments, and industry 4.0 |
||
| 260 |
_aSwitzerland, _bSpringer, _c2019. |
||
| 300 | _axxv, 326 p. | ||
| 440 |
_aSpringer Series in Computer Communications and Networks _918665 |
||
| 650 |
_aCOMMUNICATION NETWORK _918666 |
||
| 650 |
_aINTERNET OF THINGS _918667 |
||
| 650 |
_aIoT _918668 |
||
| 650 |
_aINDUSTRIAL INTERNET OF THINGS _918669 |
||
| 650 |
_aIIoT _918670 |
||
| 942 |
_2ddc _cBK |
||
| 999 |
_c6856 _d6856 |
||